[Event "SRB Central-ch"]
[Site "Pirot"]
[Date "2022.11.19"]
[Round "4"]
[White "Ristic, Nenad"]
[Black "Krstic, Andrija Marko"]
[Result "1-0"]
[WhiteElo "2269"]
[BlackElo "2019"]
[PlyCount "49"]
[EventDate "2022.11.16"]
[EventType "swiss"]
[EventRounds "9"]
[EventCountry "SRB"]
[SourceTitle "CBM 211 Extra"]
[Source "ChessBase"]
[SourceDate "2023.01.31"]
[SourceVersion "1"]
[SourceVersionDate "2023.01.31"]
[SourceQuality "1"]

1. Nf3 d5 2. g3 Nc6 3. Bg2 e5 4. 0-0 Nf6 5. c4 Be7 6. cxd5 Nxd5 7. d4 exd4 8. Nxd4 Nxd4 9. Qxd4 Nf6 10. Qa4+ c6 11. Rd1 Qb6 12. Be3 Bc5 13. Bxc5 Qxc5 14. Nc3 0-0 15. Rac1 Qh5 16. Rd4 Be6 17. Rcd1 Rfe8 18. Rb4 Bg4 19. Rxb7 Bxe2 20. Nxe2 Rxe2 21. Rxa7 Rae8 22. Ra8 Rxb2 23. Re1 Reb8 24. Qa7 Qb5 25. Bxc6 1-0

[Event "SRB-chT Premier"]
[Site "Vrnjacka Banja"]
[Date "2022.09.22"]
[Round "3.2"]
[White "Ristic, Nenad"]
[Black "Ratkovic, Milovan"]
[Result "1/2-1/2"]
[WhiteElo "2267"]
[BlackElo "2411"]
[PlyCount "123"]
[EventDate "2022.09.20"]
[EventType "team-tourn"]
[EventRounds "11"]
[EventCountry "SRB"]
[SourceTitle "CBM 210 Extra"]
[Source "ChessBase"]
[SourceDate "2022.11.30"]
[SourceVersion "1"]
[SourceVersionDate "2022.11.30"]
[SourceQuality "1"]
[WhiteTeam "Lucani Mladost"]
[BlackTeam "Elemir Naftagas"]
[WhiteTeamCountry "SRB"]
[BlackTeamCountry "SRB"]

1. e4 c5 2. Nf3 g6 3. d4 cxd4 4. Qxd4 Nf6 5. Nc3 Nc6 6. Qa4 d6 7. e5 dxe5 8. Nxe5 Bg7 9. Bb5 0-0 10. Nxc6 bxc6 11. Bxc6 Rb8 12. 0-0 Qc7 13. Re1 Rb6 14. Nd5 Nxd5 15. Bxd5 Bxb2 16. Bxb2 Rxb2 17. Bb3 Qc5 18. Qh4 Be6 19. h3 Bxb3 20. cxb3 Re8 21. Qf4 e5 22. Qe3 Qxe3 23. Rxe3 Rd8 24. a3 Rdd2 25. Rf1 f6 26. g4 Kf7 27. g5 fxg5 28. Rxe5 Rxb3 29. Ra5 Rxh3 30. Rxa7+ Kf6 31. Rb1 Rd6 32. Kg2 g4 33. a4 h5 34. a5 Ra3 35. Rb6 Rxb6 36. axb6 Rb3 37. Rb7 Kg5 38. Rb8 Kh4 39. b7 g5 40. Kf1 Rb5 41. Ke2 Re5+ 42. Kf1 Rb5 43. Ke2 Rb1 44. Kd2 Rb6 45. Ke2 Re6+ 46. Kf1 Re7 47. Kg2 Rf7 48. Kg1 Rd7 49. Kf1 Rd1+ 50. Ke2 Rb1 51. Kd2 g3 52. fxg3+ Kxg3 53. Rg8 Rxb7 54. Rxg5+ Kh4 55. Rg1 Re7 56. Re1 Rf7 57. Rh1+ Kg4 58. Rg1+ Kh4 59. Rh1+ Kg5 60. Rg1+ Kh6 61. Ke2 h4 62. Rf1 1/2-1/2

[Event "Pozarevac Rudar 3rd"]
[Site "Pozarevac"]
[Date "2022.08.09"]
[Round "7"]
[White "Ristic, Nenad"]
[Black "Milanovic, Slavisa"]
[Result "1/2-1/2"]
[WhiteElo "2270"]
[BlackElo "2307"]
[PlyCount "23"]
[EventDate "2022.08.04"]
[EventType "tourn"]
[EventRounds "9"]
[EventCountry "SRB"]
[SourceTitle "CBM 209 Extra"]
[Source "ChessBase"]
[SourceDate "2022.09.30"]
[SourceVersion "1"]
[SourceVersionDate "2022.09.30"]
[SourceQuality "1"]

1. d4 Nf6 2. Nf3 e6 3. c4 Bb4+ 4. Bd2 Qe7 5. g3 Nc6 6. Bg2 Bxd2+ 7. Qxd2 Ne4 8. Qc2 Qb4+ 9. Nc3 Nxc3 10. Qxc3 Qxc3+ 11. bxc3 d6 12. 0-0 1/2-1/2

[Event "Paracin op-A 15th"]
[Site "Paracin"]
[Date "2022.07.16"]
[Round "9"]
[White "Ristic, Nenad"]
[Black "Makarian, Rudik"]
[Result "0-1"]
[WhiteElo "2293"]
[BlackElo "2533"]
[PlyCount "150"]
[EventDate "2022.07.08"]
[EventType "swiss"]
[EventRounds "9"]
[EventCountry "SRB"]
[SourceTitle "CBM 209 Extra"]
[Source "ChessBase"]
[SourceDate "2022.09.30"]
[SourceVersion "1"]
[SourceVersionDate "2022.09.30"]
[SourceQuality "1"]

1. e4 c5 2. Nf3 e6 3. c3 d5 4. exd5 Qxd5 5. d4 Nf6 6. Bd3 Be7 7. 0-0 0-0 8. Be3 cxd4 9. cxd4 Nc6 10. Nc3 Qd8 11. a3 b6 12. Qe2 Bb7 13. Rad1 Rc8 14. Rfe1 Na5 15. Bb1 Nc4 16. Ba2 Bxf3 17. gxf3 Nxe3 18. Qxe3 Qc7 19. Rc1 Bd6 20. Ne4 Qe7 21. Qg5 Nxe4 22. Qxe7 Bxe7 23. fxe4 Bg5 24. Rxc8 Rxc8 25. Re2 Kf8 26. d5 Ke7 27. Kg2 Bf4 28. a4 Be5 29. Bb3 Rc1 30. h3 h6 31. dxe6 fxe6 32. Rc2 Rxc2 33. Bxc2 Bxb2 34. f4 Kd6 35. Bb3 e5 36. f5 Kc5 37. Kf3 Kb4 38. Bc2 Bc1 39. Ke2 Kc3 40. Bd3 Kd4 41. Bb1 Bg5 42. Bc2 h5 43. Bb1 h4 44. Bd3 Bd8 45. Bb1 Be7 46. Bd3 Bf8 47. Bb1 Bc5 48. Bc2 Bd6 49. Bb1 Bc7 50. Bc2 Bd8 51. Bb1 a6 52. Bd3 b5 53. axb5 a5 54. Bc2 Kc4 55. Bd1 Kc3 56. Ke3 Kb4 57. Kd3 a4 58. Kc2 Kxb5 59. Kb2 Kb4 60. Ka2 Be7 61. Bc2 Bd6 62. Bd1 Bf8 63. f6 g5 64. Bg4 Kc3 65. Bd7 a3 66. Bf5 Kc2 67. Bg4 Kd3 68. Bf5 g4 69. Bxg4 Kxe4 70. Kb3 Kd3 71. Be6 e4 72. Bf5 Ke3 73. Kc2 Kf3 74. Be6 e3 75. Kd3 e2 0-1

[Event "Jelah Schev"]
[Site "Jelah"]
[Date "2022.03.27"]
[Round "9.3"]
[White "Ristic, Nenad"]
[Black "Lu, Miaoyi"]
[Result "1-0"]
[WhiteElo "2292"]
[BlackElo "2219"]
[PlyCount "59"]
[EventDate "2022.03.23"]
[EventType "schev"]
[EventRounds "10"]
[EventCountry "BIH"]
[SourceTitle "EXT 2023"]
[Source "ChessBase"]
[SourceDate "2022.10.05"]
[SourceVersion "1"]
[SourceVersionDate "2022.10.05"]
[SourceQuality "1"]
[WhiteTeam "Seniors"]
[BlackTeam "Kadets"]
[WhiteTeamCountry "SRB"]
[BlackTeamCountry "SRB"]

1. e4 c5 2. Nf3 Nc6 3. Bb5 e6 4. Bxc6 bxc6 5. Qe2 Qc7 6. d3 e5 7. 0-0 Ne7 8. Nh4 Ng6 9. Nxg6 hxg6 10. f4 c4 11. dxc4 Qb6+ 12. Kh1 Bc5 13. c3 a5 14. fxe5 Ba6 15. Nd2 Qd8 16. Nf3 Rh5 17. b3 Qe7 18. Be3 d5 19. exd5 cxd5 20. Bxc5 Qxc5 21. Nd4 Ra7 22. e6 f6 23. Rad1 dxc4 24. Qe4 f5 25. Qc6+ Qxc6 26. Nxc6 Ra8 27. e7 Rh8 28. Rd8+ Kf7 29. Rfd1 Rc8 30. Ne5+ 1-0

[Event "SLO-chT NML 31st"]
[Site "Ptuj/Grosuplje"]
[Date "2021.10.24"]
[Round "9.2"]
[White "Ristic, Nenad"]
[Black "Subelj, Jan"]
[Result "0-1"]
[WhiteElo "2320"]
[BlackElo "2445"]
[PlyCount "66"]
[EventDate "2021.10.08"]
[EventType "team-tourn"]
[EventRounds "9"]
[EventCountry "SLO"]
[SourceTitle "EXT 2023"]
[Source "ChessBase"]
[SourceDate "2022.10.05"]
[SourceVersion "1"]
[SourceVersionDate "2022.10.05"]
[SourceQuality "1"]
[WhiteTeam "Ptuj"]
[BlackTeam "Maribor Poligram"]
[WhiteTeamCountry "SLO"]
[BlackTeamCountry "SLO"]

1. e4 c5 2. Nf3 d6 3. Bb5+ Nd7 4. 0-0 a6 5. Bxd7+ Bxd7 6. c3 Nf6 7. Re1 e6 8. d4 Be7 9. e5 dxe5 10. dxe5 Nd5 11. c4 Nb4 12. a3 Nc6 13. Nc3 Na5 14. Qe2 Nb3 15. Rb1 Nxc1 16. Rbxc1 0-0 17. Rcd1 Qc7 18. Rd3 Bc6 19. Nd2 Rad8 20. Rh3 Rd4 21. Qh5 h6 22. Nde4 Rxc4 23. Nf6+ Bxf6 24. exf6 Qf4 25. fxg7 Rd8 26. Rg3 Rd2 27. Rf1 Qf6 28. Nd1 Rc1 29. h4 Rd5 30. Qg4 Bb5 31. Re1 Rd4 32. Qh5 Rxh4 33. Rxe6 Rxh5 0-1

[Event "SLO-chT NML 31st"]
[Site "Ptuj/Grosuplje"]
[Date "2021.10.17"]
[Round "6.5"]
[White "Zirkelbach, Maj"]
[Black "Ristic, Nenad"]
[Result "1/2-1/2"]
[WhiteElo "2321"]
[BlackElo "2320"]
[PlyCount "60"]
[EventDate "2021.10.08"]
[EventType "team-tourn"]
[EventRounds "9"]
[EventCountry "SLO"]
[SourceTitle "EXT 2023"]
[Source "ChessBase"]
[SourceDate "2022.10.05"]
[SourceVersion "1"]
[SourceVersionDate "2022.10.05"]
[SourceQuality "1"]
[WhiteTeam "Novo Mesto Krka"]
[BlackTeam "Ptuj"]
[WhiteTeamCountry "SLO"]
[BlackTeamCountry "SLO"]

1. d4 Nf6 2. c4 g6 3. h4 Bg7 4. Nc3 c5 5. d5 d6 6. e4 h5 7. Be2 0-0 8. Bg5 b5 9. cxb5 a6 10. bxa6 Qa5 11. Qd2 Qb4 12. a3 Qa5 13. Nf3 Bxa6 14. 0-0 Bxe2 15. Qxe2 Nbd7 16. Rac1 Rfe8 17. e5 dxe5 18. Nxe5 Nxe5 19. Qxe5 Rad8 20. Bxf6 Bxf6 21. Qe3 Bd4 22. Qf3 Rb8 23. Rc2 Rb3 24. Re1 Rxb2 25. Rxb2 Bxc3 26. Rb5 Qxb5 27. Qxc3 c4 28. Re4 Qb1+ 29. Re1 Qb5 30. Re4 Qb1+ 1/2-1/2

[Event "SRB-chT 1st League CS"]
[Site "Bajina Basta"]
[Date "2021.09.27"]
[Round "3.2"]
[White "Ilincic, Zlatko"]
[Black "Ristic, Nenad"]
[Result "1/2-1/2"]
[WhiteElo "2381"]
[BlackElo "2337"]
[PlyCount "83"]
[EventDate "2021.09.26"]
[EventType "team-tourn"]
[EventRounds "11"]
[EventCountry "SRB"]
[SourceTitle "EXT 2023"]
[Source "ChessBase"]
[SourceDate "2022.10.05"]
[SourceVersion "1"]
[SourceVersionDate "2022.10.05"]
[SourceQuality "1"]
[WhiteTeam "Gornji Milanovac Metalac"]
[BlackTeam "Smederevska Palanka Jasenica"]
[WhiteTeamCountry "SRB"]
[BlackTeamCountry "SRB"]

1. d4 Nf6 2. c4 g6 3. g3 c5 4. d5 b5 5. Nd2 Bg7 6. Bg2 d6 7. Ngf3 bxc4 8. Nxc4 Bb7 9. Nh4 0-0 10. 0-0 Nbd7 11. Bd2 Nb6 12. Ba5 Qb8 13. Ne3 Qe8 14. a4 Rb8 15. Ra3 Qd7 16. Bc3 Ba6 17. Re1 Ng4 18. Bxg7 Kxg7 19. Nxg4 Qxg4 20. Re3 Rfe8 21. b3 Qb4 22. Qa1+ Kg8 23. Rd1 Nd7 24. Nf3 Nf6 25. h3 Qa5 26. Ne1 c4 27. bxc4 Bxc4 28. Nc2 Nxd5 29. Re4 Bb3 30. Rc1 Nf6 31. Re3 Qxa4 32. Nd4 Qxa1 33. Rxa1 Bd5 34. Rxa7 e5 35. Nc6 Bxc6 36. Bxc6 Rec8 37. Rf3 Kg7 38. Bd5 Nxd5 39. Rfxf7+ Kh6 40. e4 Rc7 41. Raxc7 Nxc7 42. Rxc7 1/2-1/2

[Event "SRB-chT 1st League CS"]
[Site "Bajina Basta"]
[Date "2021.09.27"]
[Round "2.2"]
[White "Ristic, Nenad"]
[Black "Djordjevic, Vuk D"]
[Result "0-1"]
[WhiteElo "2337"]
[BlackElo "2350"]
[PlyCount "80"]
[EventDate "2021.09.26"]
[EventType "team-tourn"]
[EventRounds "11"]
[EventCountry "SRB"]
[SourceTitle "EXT 2023"]
[Source "ChessBase"]
[SourceDate "2022.10.05"]
[SourceVersion "1"]
[SourceVersionDate "2022.10.05"]
[SourceQuality "1"]
[WhiteTeam "Smederevska Palanka Jasenica"]
[BlackTeam "Paracin OSK"]
[WhiteTeamCountry "SRB"]
[BlackTeamCountry "SRB"]

1. e4 e6 2. d4 d5 3. Nd2 Be7 4. Ngf3 Nf6 5. Bd3 c5 6. exd5 exd5 7. dxc5 a5 8. 0-0 0-0 9. Nd4 Bxc5 10. N2b3 Bb6 11. a4 Nc6 12. c3 Re8 13. Bf4 Ne5 14. Bb5 Bd7 15. Re1 Nc4 16. Qc2 h6 17. Rad1 Rc8 18. h3 Ne4 19. Bxd7 Qxd7 20. Nc1 Qd8 21. Re2 Qf6 22. Bh2 Bxd4 23. Rxd4 Nxb2 24. f3 Nxc3 25. Rxe8+ Rxe8 26. Qxc3 Nd1 27. Be5 Qxe5 28. Qd2 Qe1+ 29. Qxe1 Rxe1+ 30. Kh2 Ne3 31. Nb3 b6 32. h4 Re2 33. Rd3 Nxg2 34. Kg3 Re3 35. Nc1 Rxd3 36. Nxd3 Ne3 37. Kf4 Nc4 38. Ne5 Kf8 39. Nxc4 dxc4 40. Ke4 g5 0-1

[Event "PNWCC-Pirot Hybrid m"]
[Site "Chess.com INT"]
[Date "2021.09.19"]
[Round "3.1"]
[White "Narayanan, Samrug"]
[Black "Ristic, Nenad"]
[Result "1-0"]
[WhiteElo "2296"]
[BlackElo "2337"]
[PlyCount "49"]
[EventDate "2021.09.18"]
[EventType "team-match"]
[EventRounds "4"]
[EventCountry "USA"]
[SourceTitle "CBM 204 Extra"]
[Source "ChessBase"]
[SourceDate "2021.11.30"]
[SourceVersion "1"]
[SourceVersionDate "2021.11.30"]
[SourceQuality "1"]
[WhiteTeam "PNWCC"]
[BlackTeam "Pirot"]
[WhiteTeamCountry "USA"]
[BlackTeamCountry "SRB"]

1. e4 c6 2. d4 d5 3. e5 c5 4. dxc5 Nc6 5. Nf3 Bg4 6. c3 e6 7. Be3 Nge7 8. Nbd2 Nf5 9. Bd4 Nfxd4 10. cxd4 Qa5 11. Qb3 0-0-0 12. Bb5 Bxf3 13. Bxc6 bxc6 14. Qxf3 Rd7 15. a3 f6 16. Qe3 Qb5 17. b4 a5 18. f4 fxe5 19. Qxe5 Qd3 20. Rb1 a4 21. Rf1 Qxa3 22. b5 Rb7 23. Qxe6+ Kb8 24. Qe8+ Kc7 25. b6+ 1-0

[Event "Novi Sad Put Svile IM Mix 6"]
[Site "Novi Sad"]
[Date "2021.08.09"]
[Round "3"]
[White "Sharan, Rao"]
[Black "Ristic, Nenad"]
[Result "1/2-1/2"]
[WhiteElo "2051"]
[BlackElo "2342"]
[PlyCount "39"]
[EventDate "2021.08.08"]
[EventType "swiss"]
[EventRounds "9"]
[EventCountry "SRB"]
[SourceTitle "CBM 203 Extra"]
[Source "ChessBase"]
[SourceDate "2021.09.30"]
[SourceVersion "1"]
[SourceVersionDate "2021.09.30"]
[SourceQuality "1"]

1. Nf3 Nf6 2. b3 g6 3. Bb2 Bg7 4. e3 0-0 5. Be2 d6 6. d4 c5 7. 0-0 cxd4 8. Nxd4 Nc6 9. c4 d5 10. Nxc6 bxc6 11. Nd2 a5 12. Nf3 a4 13. b4 Qb6 14. a3 c5 15. b5 e6 16. Qc2 Bb7 17. Rac1 Rfc8 18. Rfd1 Ne4 19. Bxg7 Kxg7 20. Qb2+ 1/2-1/2

[Event "Arandjelovac Akva Gold IM1"]
[Site "Arandjelovac"]
[Date "2021.07.21"]
[Round "7"]
[White "Ristic, Nenad"]
[Black "Harshini, A."]
[Result "1-0"]
[WhiteElo "2344"]
[BlackElo "2189"]
[PlyCount "97"]
[EventDate "2021.07.17"]
[EventType "tourn"]
[EventRounds "9"]
[EventCountry "SRB"]
[SourceTitle "CBM 203 Extra"]
[Source "ChessBase"]
[SourceDate "2021.09.30"]
[SourceVersion "1"]
[SourceVersionDate "2021.09.30"]
[SourceQuality "1"]

1. e4 e5 2. Nf3 Nc6 3. Bb5 a6 4. Ba4 Nge7 5. Nc3 g6 6. d4 exd4 7. Nd5 Nxd5 8. exd5 Qe7+ 9. Kf1 Ne5 10. Qxd4 Bg7 11. Bf4 f6 12. Re1 0-0 13. Nxe5 fxe5 14. Bxe5 Bxe5 15. Rxe5 Qf6 16. d6 cxd6 17. Bb3+ Kh8 18. Rd5 Qxd4 19. Rxd4 b5 20. Rxd6 a5 21. f3 Ra7 22. Kf2 a4 23. Bd5 a3 24. bxa3 Rxa3 25. Rb1 Rc3 26. Be4 Rc4 27. Bd3 Ra4 28. Rb2 b4 29. Rb6 d5 30. R6xb4 Ra7 31. Rb8 Kg7 32. R8b4 g5 33. h3 Raf7 34. Rd4 Be6 35. Rb6 Re7 36. c4 dxc4 37. Bxc4 Bxc4 38. Rxc4 Ra8 39. a4 Rea7 40. Rc5 h6 41. Rcc6 Rxa4 42. Rb7+ Kg8 43. Rg6+ Kf8 44. Rxh6 Ra2+ 45. Kg3 Kg8 46. Rg6+ Kh8 47. Rb5 Rc2 48. Rbxg5 Kh7 49. Kh4 1-0

[Event "Gligoric Cup 7th"]
[Site "Backa Palanka"]
[Date "2021.06.05"]
[Round "3.2"]
[White "Ristic, Nenad"]
[Black "Runic, Zoran"]
[Result "1/2-1/2"]
[WhiteElo "2334"]
[BlackElo "2381"]
[PlyCount "119"]
[EventDate "2021.06.03"]
[EventType "team-tourn"]
[EventRounds "5"]
[EventCountry "SRB"]
[SourceTitle "CBM 203 Extra"]
[Source "ChessBase"]
[SourceDate "2021.09.30"]
[SourceVersion "1"]
[SourceVersionDate "2021.09.30"]
[SourceQuality "1"]
[WhiteTeam "Smederevska Palanka"]
[BlackTeam "Backa Palanka"]
[WhiteTeamCountry "SRB"]
[BlackTeamCountry "SRB"]

1. e4 d6 2. d4 g6 3. Nc3 Bg7 4. Be3 Nd7 5. Nf3 a6 6. Qd2 e6 7. h3 b5 8. a4 b4 9. Ne2 Bb7 10. Ng3 c5 11. c3 bxc3 12. bxc3 Qa5 13. Bd3 Ngf6 14. 0-0 0-0 15. Rfb1 Bc6 16. Qe2 Rfb8 17. Rc1 c4 18. Bxc4 Nxe4 19. Nxe4 Bxe4 20. Bf4 Bxf3 21. Qxf3 Qc7 22. Bf1 e5 23. Be3 Nb6 24. a5 Nc4 25. Ra4 Nxe3 26. fxe3 Re8 27. Bc4 Bh6 28. Rf1 Ra7 29. e4 Bg7 30. Bd5 Rf8 31. Kh1 Kh8 32. Qe3 exd4 33. cxd4 Qc2 34. Rc4 Qb2 35. Qc1 Qb5 36. Qc3 f5 37. Qb4 fxe4 38. Rxf8+ Bxf8 39. Qxb5 axb5 40. Rc8 Kg7 41. Ra8 Rxa8 42. Bxa8 Be7 43. Bxe4 Bd8 44. a6 Bb6 45. Kg1 Bxd4+ 46. Kf1 Kf6 47. Ke2 Ke5 48. Kd3 d5 49. Bf3 Ba7 50. Kc3 d4+ 51. Kb4 Kf4 52. Kxb5 d3 53. Kc6 Kg3 54. Kb7 Be3 55. a7 Bxa7 56. Kxa7 d2 57. Kb6 d1Q 58. Bxd1 Kxg2 59. h4 Kh3 60. h5 1/2-1/2